000 00917cpcaa2200265 a 4500
001 mm 79001920
003 DLC
005 20260227111639.0
008 800102|||||||||||| eng
010 _amm 79001920
040 _aDLC
_cDLC
_dDLC
_edacs
_dDLC
072 7 _aL
_2lcmd
100 1 _aThaxter, Celia,
_d1835-1894.
245 0 4 _aThe blind lamb :
_kmanuscript poem,
_fundated.
300 _a1
_fitem.
506 0 _aOpen to research.
520 8 _aAutograph children's poem titled, The Blind Lamb.
545 0 _aPoet. Full name: Celia Laighton Thaxter.
546 _aCollection material in English.
580 _aForms part of: Miscellaneous Manuscripts collection.
650 0 _aChildren's poetry.
656 7 _aPoets.
_2itoamc
999 _c41024
_d41024